000 00743cam a22002657a 4500
001 000084
003 armpunfd
005 20140612090558.0
008 011019e19####xx#a##########000#0#und#d
040 _aarmpunfd
_carmpunfd
080 _a34(37) C 179
100 1 0 _a Carames Ferro, Jose Manuel
245 1 0 _aInstituciones de derecho privado romano
260 _a Buenos Aires
_b Perrot
_c19--
300 _a429 p.
500 _acontenido: v.1. parte general
650 7 _a Derecho Privado Romano
_2LEMB
942 _cLB
_2cdu
945 _aCatalis
_d2010-08-19
945 _aCatalis
_d2010-08-19
945 _aCatalis
_d2010-08-19
945 _aCatalis
_d2010-08-19
945 _aCatalis
_d2010-08-19
945 _aCatalis
_d2010-08-19
999 _c83
_d230587